[Event "DEM U12w 2023"]
[Site "Willingen GER"]
[Date "2023.05.31"]
[Round "5"]
[White "Wagner, Cosima Thien-An"]
[Black "Czäczine, Paula"]
[Result "0-1"]
[Termination "normal"]
[Board "1"]
[WhiteElo "1565"]
[BlackElo "1549"]
[WhiteClock "00:04:28"]
[BlackClock "00:05:09"]
[PlyCount "166"]
[WhiteFideId "34603484"]
[BlackFideId "16249305"]
[EventCountry "GER"]
[EventRounds "9"]
[EventType "swiss"]
[EventDate "2023.05.27"]

1. Nf3 {[%clk 01:30:58]} d5 {[%clk 01:30:41]} {[%emt 00:00:20]} 2. g3 {[%clk
01:31:22]} {[%emt 00:00:07]} Nf6 {[%clk 01:29:59]} {[%emt 00:01:11]} 3. Bg2
{[%clk 01:31:27]} {[%emt 00:00:25]} c5 {[%clk 01:29:26]} {[%emt 00:01:03]} 4.
d4 {[%clk 01:31:47]} {[%emt 00:00:10]} e6 {[%clk 01:27:46]} {[%emt 00:02:10]}
5. c4 {[%clk 01:06:44]} {[%emt 00:25:33]} Nc6 {[%clk 01:10:34]} {[%emt
00:17:42]} 6. dxc5 {[%clk 00:54:28]} {[%emt 00:12:46]} Bxc5 {[%clk 01:10:20]}
{[%emt 00:00:43]} 7. O-O {[%clk 00:51:43]} {[%emt 00:03:16]} O-O {[%clk
01:07:21]} {[%emt 00:03:29]} 8. Nc3 {[%clk 00:48:08]} {[%emt 00:04:05]} dxc4
{[%clk 01:02:49]} {[%emt 00:05:02]} 9. Qa4 {[%clk 00:39:05]} {[%emt 00:09:32]}
Qe7 {[%clk 00:55:03]} {[%emt 00:08:17]} 10. Qxc4 {[%clk 00:35:37]} {[%emt
00:03:58]} h6 {[%clk 00:52:06]} {[%emt 00:03:27]} 11. Na4 {[%clk 00:31:20]}
{[%emt 00:04:47]} Bd6 {[%clk 00:49:11]} {[%emt 00:03:24]} 12. Be3 {[%clk
00:26:16]} {[%emt 00:05:35]} Bd7 {[%clk 00:45:33]} {[%emt 00:04:09]} 13. Nc3
{[%emt 00:04:39]} Rac8 {[%clk 00:43:39]} {[%emt 00:02:21]} 14. Qd3 {[%clk
00:20:49]} {[%emt 00:01:49]} Nb4 {[%clk 00:40:29]} {[%emt 00:03:41]} 15. Qd2
{[%clk 00:20:05]} {[%emt 00:01:14]} Nbd5 {[%clk 00:35:03]} {[%emt 00:05:56]}
16. Nxd5 {[%clk 00:16:45]} {[%emt 00:03:50]} Nxd5 {[%clk 00:35:20]} {[%emt
00:00:13]} 17. Bxa7 {[%clk 00:13:54]} {[%emt 00:03:20]} Rfd8 {[%clk 00:19:16]}
{[%emt 00:16:34]} 18. a3 {[%clk 00:11:33]} {[%emt 00:02:52]} Nf6 {[%clk
00:16:26]} {[%emt 00:03:20]} 19. Bd4 {[%clk 00:09:35]} {[%emt 00:02:28]} Ba4
{[%clk 00:14:59]} {[%emt 00:01:57]} 20. Qa5 {[%clk 00:08:02]} {[%emt 00:02:04]}
Bb3 {[%clk 00:13:48]} {[%emt 00:01:40]} 21. Bb6 {[%clk 00:07:21]} {[%emt
00:01:11]} Bc7 {[%clk 00:12:08]} {[%emt 00:02:10]} 22. Bxc7 {[%clk 00:07:42]}
{[%emt 00:00:09]} Rxc7 {[%clk 00:12:31]} {[%emt 00:00:07]} 23. Rac1 {[%clk
00:06:40]} {[%emt 00:01:32]} Rdc8 {[%clk 00:12:25]} {[%emt 00:00:36]} 24. Rxc7
{[%clk 00:05:37]} {[%emt 00:01:33]} Rxc7 {[%clk 00:12:47]} {[%emt 00:00:08]}
25. Nd4 {[%clk 00:05:33]} {[%emt 00:00:33]} Bd5 {[%clk 00:12:34]} {[%emt
00:00:44]} 26. Qd2 {[%clk 00:05:01]} {[%emt 00:01:02]} Rd7 {[%clk 00:11:47]}
{[%emt 00:01:17]} 27. Qc3 {[%clk 00:04:37]} {[%emt 00:00:54]} Qd6 {[%clk
00:10:06]} {[%emt 00:02:11]} 28. Nb5 {[%clk 00:04:00]} {[%emt 00:01:08]} Qb6
{[%clk 00:09:47]} {[%emt 00:00:48]} 29. a4 {[%clk 00:03:07]} {[%emt 00:01:23]}
Bc6 {[%clk 00:09:12]} {[%emt 00:01:04]} 30. Rc1 {[%clk 00:02:42]} {[%emt
00:00:55]} Bxb5 {[%clk 00:08:21]} {[%emt 00:01:22]} 31. axb5 {[%clk 00:03:06]}
{[%emt 00:00:07]} Qxb5 {[%clk 00:08:33]} {[%emt 00:00:17]} 32. Ra1 {[%clk
00:02:33]} {[%emt 00:01:02]} Qxe2 {[%clk 00:07:26]} {[%emt 00:01:38]} 33. Re1
{[%clk 00:01:43]} {[%emt 00:01:20]} Rd1 {[%clk 00:06:28]} {[%emt 00:01:28]} 34.
Qc8+ {[%clk 00:01:56]} {[%emt 00:00:17]} Kh7 {[%clk 00:06:51]} {[%emt
00:00:07]} 35. Rxd1 {[%clk 00:02:16]} {[%emt 00:00:10]} Qxd1+ {[%clk 00:07:16]}
{[%emt 00:00:05]} 36. Bf1 {[%clk 00:02:33]} {[%emt 00:00:12]} Qd7 {[%clk
00:05:59]} {[%emt 00:01:47]} 37. Qc2+ {[%clk 00:02:26]} {[%emt 00:00:37]} Kg8
{[%clk 00:06:13]} {[%emt 00:00:16]} 38. Bg2 {[%clk 00:02:20]} {[%emt 00:00:37]}
b6 {[%clk 00:04:41]} {[%emt 00:02:03]} 39. Qb3 {[%clk 00:00:50]} {[%emt
00:01:59]} Qc7 {[%clk 00:02:20]} {[%emt 00:02:50]} 40. Bf1 {[%clk 00:00:36]}
{[%emt 00:00:44]} Qc5 {[%clk 00:01:12]} {[%emt 00:01:38]} 41. Qf3 {[%clk
00:28:09]} {[%emt 00:02:57]} Nd5 {[%clk 00:28:58]} {[%emt 00:02:45]} 42. Qb3
{[%emt 00:06:59]} Nc7 {[%clk 00:21:47]} {[%emt 00:07:37]} 43. Qd3 {[%clk
00:17:53]} {[%emt 00:04:21]} Qd5 {[%clk 00:19:20]} {[%emt 00:02:57]} 44. Qc3
{[%clk 00:16:52]} {[%emt 00:01:31]} Qd6 {[%clk 00:19:10]} {[%emt 00:00:39]} 45.
Bd3 {[%clk 00:15:00]} {[%emt 00:02:22]} Kf8 {[%clk 00:17:43]} {[%emt 00:01:57]}
46. Be4 {[%clk 00:12:20]} {[%emt 00:03:10]} f6 {[%clk 00:15:40]} {[%emt
00:02:34]} 47. Kf1 {[%clk 00:10:07]} {[%emt 00:02:42]} Ke7 {[%clk 00:15:14]}
{[%emt 00:00:56]} 48. Bc6 {[%clk 00:08:35]} {[%emt 00:02:02]} Qc5 {[%clk
00:12:33]} {[%emt 00:03:11]} 49. Qa3 {[%clk 00:06:02]} {[%emt 00:03:04]} Qxa3
{[%clk 00:12:08]} {[%emt 00:00:54]} 50. bxa3 {[%clk 00:05:54]} {[%emt
00:00:39]} Kd6 {[%clk 00:12:24]} {[%emt 00:00:14]} 51. Be4 {[%clk 00:05:47]}
{[%emt 00:00:36]} Nb5 {[%clk 00:11:40]} {[%emt 00:01:15]} 52. a4 {[%clk
00:05:48]} {[%emt 00:00:29]} Nc3 {[%clk 00:11:56]} {[%emt 00:00:14]} 53. Bc2
{[%clk 00:06:05]} {[%emt 00:00:13]} Kc5 {[%clk 00:11:40]} {[%emt 00:00:46]} 54.
Bb3 {[%clk 00:05:31]} {[%emt 00:01:03]} e5 {[%clk 00:11:51]} {[%emt 00:00:19]}
55. Kg2 {[%clk 00:05:11]} {[%emt 00:00:50]} Kb4 {[%clk 00:09:58]} {[%emt
00:02:23]} 56. Bc2 {[%clk 00:04:53]} {[%emt 00:00:49]} Nxa4 {[%clk 00:09:42]}
{[%emt 00:00:46]} 57. Kf3 {[%clk 00:05:09]} {[%emt 00:00:13]} Nc5 {[%clk
00:09:31]} {[%emt 00:00:42]} 58. Kg4 {[%clk 00:05:03]} {[%emt 00:00:35]} Kc3
{[%clk 00:09:05]} {[%emt 00:00:57]} 59. Bh7 {[%clk 00:05:06]} {[%emt 00:00:26]}
Ne6 {[%clk 00:06:47]} {[%emt 00:02:49]} 60. Kf5 {[%clk 00:03:08]} {[%emt
00:02:27]} Nf8 {[%clk 00:06:52]} {[%emt 00:00:26]} 61. Bg8 {[%clk 00:02:56]}
{[%emt 00:00:42]} b5 {[%clk 00:06:55]} {[%emt 00:00:27]} 62. Ke4 {[%clk
00:02:42]} {[%emt 00:00:44]} b4 {[%clk 00:06:34]} {[%emt 00:00:51]} 63. Kd5
{[%clk 00:02:58]} {[%emt 00:00:14]} b3 {[%clk 00:02:05]} {[%emt 00:04:59]} 64.
Kd6 {[%clk 00:03:17]} {[%emt 00:00:11]} b2 {[%clk 00:01:32]} {[%emt 00:01:03]}
65. Ba2 {[%clk 00:03:32]} {[%emt 00:00:15]} Nh7 {[%clk 00:00:48]} {[%emt
00:01:14]} 66. Bb1 {[%clk 00:00:50]} {[%emt 00:03:12]} Ng5 {[%clk 00:01:05]}
{[%emt 00:00:12]} 67. Ke7 {[%clk 00:00:42]} {[%emt 00:00:39]} Nh3 {[%clk
00:01:01]} {[%emt 00:00:33]} 68. f3 {[%clk 00:00:35]} {[%emt 00:00:37]} Ng5
{[%clk 00:00:54]} {[%emt 00:00:38]} 69. f4 {[%clk 00:00:52]} {[%emt 00:00:12]}
e4 {[%clk 00:00:51]} {[%emt 00:00:33]} 70. fxg5 {[%clk 00:01:06]} {[%emt
00:00:16]} e3 {[%clk 00:01:15]} {[%emt 00:00:06]} 71. gxh6 {[%clk 00:01:08]}
{[%emt 00:00:28]} gxh6 {[%clk 00:01:37]} {[%emt 00:00:08]} 72. Kxf6 {[%clk
00:01:23]} {[%emt 00:00:15]} e2 {[%clk 00:02:01]} {[%emt 00:00:07]} 73. Kg6
{[%clk 00:01:08]} {[%emt 00:00:44]} e1=Q {[%clk 00:02:21]} {[%emt 00:00:10]}
74. Bf5 {[%clk 00:01:27]} {[%emt 00:00:11]} b1=Q {[%clk 00:02:31]} {[%emt
00:00:21]} 75. Bxb1 {[%clk 00:01:51]} {[%emt 00:00:07]} Qxb1+ {[%clk 00:02:56]}
{[%emt 00:00:04]} 76. Kxh6 {[%clk 00:02:15]} {[%emt 00:00:05]} Qh1 {[%clk
00:03:16]} {[%emt 00:00:11]} 77. h4 {[%clk 00:02:32]} {[%emt 00:00:12]} Qh3
{[%clk 00:03:34]} {[%emt 00:00:12]} 78. h5 {[%clk 00:02:43]} {[%emt 00:00:19]}
Qxg3 {[%clk 00:03:44]} {[%emt 00:00:21]} 79. Kh7 {[%clk 00:03:06]} {[%emt
00:00:06]} Kd4 {[%clk 00:04:04]} {[%emt 00:00:11]} 80. h6 {[%clk 00:03:30]}
{[%emt 00:00:05]} Ke5 {[%clk 00:04:25]} {[%emt 00:00:10]} 81. Kh8 {[%clk
00:03:48]} {[%emt 00:00:12]} Kf6 {[%clk 00:04:50]} {[%emt 00:00:05]} 82. Kh7
{[%clk 00:04:09]} {[%emt 00:00:08]} Kf7 {[%clk 00:05:09]} {[%emt 00:00:12]} 83.
Kh8 {[%clk 00:04:28]} {[%emt 00:00:11]} Qg8+ {[%emt 00:00:04]} 0-1

[Event "DEM U12w 2023"]
[Site "Willingen GER"]
[Date "2023.05.31"]
[Round "5"]
[White "Will, Elina"]
[Black "Stiehler, Mara"]
[Result "0-1"]
[Termination "normal"]
[Board "3"]
[WhiteElo "1431"]
[BlackElo "1227"]
[WhiteClock "00:32:53"]
[BlackClock "00:52:52"]
[PlyCount "48"]
[WhiteFideId "34623434"]
[BlackFideId "34621199"]
[EventCountry "GER"]
[EventRounds "9"]
[EventType "swiss"]
[EventDate "2023.05.27"]

1. d4 {[%clk 01:30:58]} Nf6 {[%clk 01:30:55]} {[%emt 00:00:06]} 2. Bf4 {[%clk
01:31:23]} {[%emt 00:00:05]} g6 {[%clk 01:31:18]} {[%emt 00:00:08]} 3. Nf3
{[%clk 01:31:44]} {[%emt 00:00:08]} Bg7 {[%clk 01:31:41]} {[%emt 00:00:06]} 4.
e3 {[%clk 01:32:08]} {[%emt 00:00:07]} O-O {[%clk 01:32:03]} {[%emt 00:00:09]}
5. h3 {[%clk 01:32:25]} {[%emt 00:00:12]} d6 {[%clk 01:32:25]} {[%emt
00:00:08]} 6. Bd3 {[%clk 01:32:30]} {[%emt 00:00:25]} Nfd7 {[%clk 01:32:46]}
{[%emt 00:00:10]} 7. c3 {[%clk 01:31:46]} {[%emt 00:01:13]} e5 {[%clk
01:33:07]} {[%emt 00:00:09]} 8. Bg3 {[%clk 01:31:33]} {[%emt 00:00:42]} Nc6
{[%clk 01:32:40]} {[%emt 00:00:58]} 9. Bc2 {[%clk 01:21:37]} {[%emt 00:10:26]}
f5 {[%clk 01:31:19]} {[%emt 00:01:50]} 10. Bb3+ {[%clk 01:21:01]} {[%emt
00:01:07]} Kh8 {[%clk 01:31:36]} {[%emt 00:00:13]} 11. Bh4 {[%clk 01:19:03]}
{[%emt 00:02:28]} Qe8 {[%clk 01:27:59]} {[%emt 00:04:06]} 12. Ng5 {[%clk
01:10:06]} {[%emt 00:09:28]} Nf6 {[%clk 01:24:05]} {[%emt 00:04:24]} 13. Nf7+
{[%clk 01:05:22]} {[%emt 00:05:14]} Rxf7 {[%clk 01:24:06]} {[%emt 00:00:29]}
14. Bxf7 {[%clk 01:05:44]} {[%emt 00:00:08]} Qxf7 {[%clk 01:24:20]} {[%emt
00:00:16]} 15. Qb3 {[%clk 01:02:06]} {[%emt 00:04:08]} Qe8 {[%clk 01:22:32]}
{[%emt 00:02:17]} 16. Nd2 {[%clk 00:54:45]} {[%emt 00:07:52]} exd4 {[%clk
01:21:11]} {[%emt 00:01:51]} 17. cxd4 {[%clk 00:50:31]} {[%emt 00:04:43]} Nxd4
{[%clk 01:20:02]} {[%emt 00:01:40]} 18. Qc3 {[%clk 00:50:38]} {[%emt 00:00:23]}
Nd5 {[%clk 01:18:44]} {[%emt 00:01:48]} 19. Qc1 {[%clk 00:48:31]} {[%emt
00:02:37]} Nxe3 {[%clk 00:58:06]} {[%emt 00:21:08]} 20. fxe3 {[%clk 00:48:51]}
{[%emt 00:00:10]} Qxe3+ {[%clk 00:58:27]} {[%emt 00:00:08]} 21. Kf1 {[%clk
00:49:01]} {[%emt 00:00:21]} b6 {[%clk 00:52:22]} {[%emt 00:06:35]} 22. Qe1
{[%clk 00:33:22]} {[%emt 00:16:08]} Ba6+ {[%clk 00:52:33]} {[%emt 00:00:20]}
23. Qe2 {[%clk 00:32:31]} {[%emt 00:01:21]} Bxe2+ {[%clk 00:52:52]} {[%emt
00:00:10]} 24. Ke1 {[%clk 00:32:53]} {[%emt 00:00:08]} Nc2# {[%emt 00:00:06]}
0-1

[Event "DEM U12w 2023"]
[Site "Willingen GER"]
[Date "2023.05.31"]
[Round "5"]
[White "Rafikova, Ailin"]
[Black "Bakó, Isabella"]
[Result "0-1"]
[Termination "normal"]
[Board "4"]
[WhiteElo "1238"]
[BlackElo "1214"]
[WhiteClock "00:03:46"]
[BlackClock "00:14:14"]
[PlyCount "124"]
[WhiteFideId "34612173"]
[BlackFideId "16287266"]
[EventCountry "GER"]
[EventRounds "9"]
[EventType "swiss"]
[EventDate "2023.05.27"]

1. e4 {[%clk 01:30:42]} {[%emt 00:00:17]} c5 {[%clk 01:30:48]} {[%emt
00:00:12]} 2. Nc3 {[%clk 01:30:39]} {[%emt 00:00:34]} Nc6 {[%clk 01:30:49]}
{[%emt 00:00:29]} 3. g3 {[%clk 01:30:06]} {[%emt 00:01:03]} d6 {[%clk
01:29:24]} {[%emt 00:01:54]} 4. Bg2 {[%clk 01:29:06]} {[%emt 00:01:30]} g6
{[%clk 01:27:01]} {[%emt 00:02:53]} 5. d3 {[%clk 01:27:22]} {[%emt 00:02:15]}
Bg7 {[%clk 01:25:09]} {[%emt 00:02:21]} 6. Be3 {[%clk 01:25:09]} {[%emt
00:02:43]} e6 {[%clk 01:19:40]} {[%emt 00:05:59]} 7. Nge2 {[%clk 01:19:53]}
{[%emt 00:05:47]} Nd4 {[%clk 01:18:26]} {[%emt 00:01:44]} 8. O-O {[%clk
01:10:24]} {[%emt 00:09:58]} Ne7 {[%clk 01:16:44]} {[%emt 00:02:13]} 9. Qd2
{[%clk 01:05:33]} {[%emt 00:05:21]} O-O {[%clk 01:12:33]} {[%emt 00:04:40]} 10.
Rac1 {[%clk 01:01:21]} {[%emt 00:04:43]} Bd7 {[%clk 01:06:30]} {[%emt
00:06:33]} 11. b3 {[%clk 00:50:07]} {[%emt 00:11:44]} Re8 {[%clk 00:52:25]}
{[%emt 00:14:34]} 12. Nd1 {[%clk 00:42:01]} {[%emt 00:08:36]} Rc8 {[%clk
00:44:03]} {[%emt 00:08:52]} 13. c3 {[%clk 00:39:16]} {[%emt 00:03:16]} Nxe2+
{[%clk 00:43:08]} {[%emt 00:01:24]} 14. Qxe2 {[%clk 00:38:01]} {[%emt
00:01:44]} Qa5 {[%clk 00:41:40]} {[%emt 00:01:57]} 15. Rc2 {[%clk 00:33:44]}
{[%emt 00:04:49]} Bb5 {[%clk 00:37:47]} {[%emt 00:04:22]} 16. c4 {[%clk
00:31:14]} {[%emt 00:03:00]} Bd7 {[%clk 00:35:58]} {[%emt 00:02:19]} 17. Bd2
{[%clk 00:27:49]} {[%emt 00:03:56]} Qb6 {[%clk 00:34:27]} {[%emt 00:02:01]} 18.
Bc3 {[%clk 00:25:50]} {[%emt 00:02:29]} Nc6 {[%clk 00:34:03]} {[%emt 00:00:54]}
19. Ne3 {[%clk 00:20:53]} {[%emt 00:05:27]} Nd4 {[%clk 00:33:41]} {[%emt
00:00:52]} 20. Bxd4 {[%clk 00:19:35]} {[%emt 00:01:47]} Bxd4 {[%clk 00:33:48]}
{[%emt 00:00:22]} 21. f4 {[%clk 00:16:56]} {[%emt 00:03:10]} d5 {[%clk
00:25:44]} {[%emt 00:08:35]} 22. e5 {[%clk 00:13:29]} {[%emt 00:03:56]} Bc6
{[%clk 00:23:35]} {[%emt 00:02:39]} 23. Kh1 {[%clk 00:09:41]} {[%emt 00:04:18]}
Bxe3 {[%clk 00:23:27]} {[%emt 00:00:38]} 24. Qxe3 {[%clk 00:08:49]} {[%emt
00:01:23]} d4 {[%clk 00:20:13]} {[%emt 00:03:44]} 25. Qf2 {[%clk 00:07:58]}
{[%emt 00:01:20]} Bxg2+ {[%emt 00:01:07]} 26. Kxg2 {[%clk 00:07:43]} {[%emt
00:00:43]} h5 {[%clk 00:16:07]} {[%emt 00:04:01]} 27. Rh1 {[%clk 00:06:43]}
{[%emt 00:01:30]} Kg7 {[%clk 00:15:30]} {[%emt 00:01:07]} 28. Qe2 {[%clk
00:05:19]} {[%emt 00:01:55]} Rh8 {[%clk 00:12:41]} {[%emt 00:03:17]} 29. g4
{[%clk 00:04:46]} {[%emt 00:01:04]} hxg4 {[%clk 00:11:13]} {[%emt 00:01:58]}
30. Kf1 {[%clk 00:03:38]} {[%emt 00:01:38]} g3 {[%clk 00:10:27]} {[%emt
00:01:16]} 31. Qg4 {[%clk 00:02:21]} {[%emt 00:01:47]} gxh2 {[%clk 00:08:56]}
{[%emt 00:02:01]} 32. Rcxh2 {[%clk 00:02:12]} {[%emt 00:00:38]} Rxh2 {[%clk
00:09:04]} {[%emt 00:00:23]} 33. Rxh2 {[%clk 00:02:37]} {[%emt 00:00:05]} Rh8
{[%clk 00:06:18]} {[%emt 00:03:15]} 34. Rxh8 {[%clk 00:01:42]} {[%emt
00:01:26]} Kxh8 {[%clk 00:06:33]} {[%emt 00:00:15]} 35. Qh4+ {[%clk 00:01:16]}
{[%emt 00:00:56]} Kg8 {[%clk 00:05:50]} {[%emt 00:01:13]} 36. Qe7 {[%clk
00:00:58]} {[%emt 00:00:48]} a6 {[%clk 00:02:17]} {[%emt 00:04:03]} 37. Kg1
{[%clk 00:00:58]} {[%emt 00:00:29]} Qa5 {[%clk 00:01:12]} {[%emt 00:01:36]} 38.
Qxb7 {[%clk 00:00:45]} {[%emt 00:00:44]} Qe1+ {[%clk 00:01:09]} {[%emt
00:00:32]} 39. Kh2 {[%clk 00:00:55]} {[%emt 00:00:20]} Qf2+ {[%clk 00:01:27]}
{[%emt 00:00:11]} 40. Qg2 {[%clk 00:01:16]} {[%emt 00:00:10]} Qxf4+ {[%clk
00:01:23]} {[%emt 00:00:33]} 41. Qg3 {[%clk 00:22:18]} {[%emt 00:09:28]} Qxg3+
{[%clk 00:17:45]} {[%emt 00:14:09]} 42. Kxg3 {[%clk 00:22:16]} {[%emt
00:00:31]} f5 {[%clk 00:15:43]} {[%emt 00:02:33]} 43. exf6 {[%clk 00:10:14]}
{[%emt 00:12:31]} Kf7 {[%clk 00:14:06]} {[%emt 00:02:08]} 44. a3 {[%clk
00:07:50]} {[%emt 00:02:55]} a5 {[%clk 00:14:09]} {[%emt 00:00:26]} 45. b4
{[%clk 00:00:45]} {[%emt 00:07:35]} axb4 {[%clk 00:13:45]} {[%emt 00:00:55]}
46. axb4 {[%clk 00:01:04]} {[%emt 00:00:11]} cxb4 {[%clk 00:13:36]} {[%emt
00:00:39]} 47. c5 {[%clk 00:01:17]} {[%emt 00:00:15]} Kxf6 {[%clk 00:13:13]}
{[%emt 00:00:54]} 48. Kf3 {[%clk 00:00:48]} {[%emt 00:01:00]} b3 {[%clk
00:13:17]} {[%emt 00:00:25]} 49. c6 {[%clk 00:01:09]} {[%emt 00:00:09]} Ke7
{[%clk 00:13:25]} {[%emt 00:00:22]} 50. c7 {[%clk 00:01:21]} {[%emt 00:00:18]}
Kd7 {[%clk 00:13:49]} {[%emt 00:00:05]} 51. Ke4 {[%clk 00:01:28]} {[%emt
00:00:23]} b2 {[%clk 00:13:41]} {[%emt 00:00:39]} 52. Ke5 {[%clk 00:01:43]}
{[%emt 00:00:15]} Kxc7 {[%clk 00:13:41]} {[%emt 00:00:30]} 53. Kf6 {[%clk
00:01:56]} {[%emt 00:00:17]} b1=Q {[%clk 00:13:51]} {[%emt 00:00:20]} 54. Kg7
{[%clk 00:02:18]} {[%emt 00:00:07]} g5 {[%clk 00:13:45]} {[%emt 00:00:37]} 55.
Kf6 {[%clk 00:02:34]} {[%emt 00:00:13]} g4 {[%clk 00:14:01]} {[%emt 00:00:14]}
56. Ke7 {[%clk 00:02:44]} {[%emt 00:00:20]} Qb4 {[%clk 00:14:07]} {[%emt
00:00:24]} 57. Kf6 {[%clk 00:02:45]} {[%emt 00:00:28]} g3 {[%clk 00:13:53]}
{[%emt 00:00:46]} 58. Ke5 {[%clk 00:03:00]} {[%emt 00:00:14]} g2 {[%clk
00:13:57]} {[%emt 00:00:27]} 59. Kf4 {[%clk 00:03:16]} {[%emt 00:00:13]} g1=R
{[%clk 00:13:51]} {[%emt 00:00:36]} 60. Kf3 {[%clk 00:03:23]} {[%emt 00:00:23]}
Qf8+ {[%clk 00:14:04]} {[%emt 00:00:17]} 61. Ke2 {[%clk 00:03:24]} {[%emt
00:00:28]} Qf1+ {[%clk 00:14:08]} {[%emt 00:00:26]} 62. Kd2 {[%clk 00:03:46]}
{[%emt 00:00:09]} Qd1# {[%clk 00:14:14]} {[%emt 00:00:25]} 0-1

[Event "DEM U12w 2023"]
[Site "Willingen GER"]
[Date "2023.05.31"]
[Round "5"]
[White "Rössling, Laura Marie"]
[Black "Xiao, Yiyi"]
[Result "1-0"]
[Termination "normal"]
[Board "5"]
[WhiteElo "1312"]
[BlackElo "1267"]
[WhiteClock "01:07:57"]
[BlackClock "01:21:32"]
[PlyCount "35"]
[WhiteFideId "16289471"]
[BlackFideId "34605665"]
[EventCountry "GER"]
[EventRounds "9"]
[EventType "swiss"]
[EventDate "2023.05.27"]

1. e4 {[%clk 01:30:57]} {[%emt 00:00:02]} e5 {[%clk 01:30:47]} {[%emt
00:00:13]} 2. Nf3 {[%clk 01:31:17]} {[%emt 00:00:09]} Nc6 {[%clk 01:31:10]}
{[%emt 00:00:07]} 3. Bc4 {[%clk 01:31:35]} {[%emt 00:00:13]} Nf6 {[%clk
01:31:32]} {[%emt 00:00:08]} 4. d4 {[%clk 01:31:51]} {[%emt 00:00:15]} exd4
{[%clk 01:31:47]} {[%emt 00:00:14]} 5. e5 {[%clk 01:32:03]} {[%emt 00:00:17]}
d5 {[%clk 01:31:56]} {[%emt 00:00:22]} 6. Bb5 {[%clk 01:31:36]} {[%emt
00:00:58]} Nd7 {[%clk 01:31:39]} {[%emt 00:00:47]} 7. Bxc6 {[%clk 01:30:27]}
{[%emt 00:01:39]} bxc6 {[%clk 01:31:17]} {[%emt 00:00:52]} 8. O-O {[%clk
01:28:13]} {[%emt 00:02:43]} c5 {[%clk 01:28:55]} {[%emt 00:02:53]} 9. c3
{[%clk 01:27:27]} {[%emt 00:01:15]} Ba6 {[%clk 01:28:45]} {[%emt 00:00:40]} 10.
Re1 {[%clk 01:23:31]} {[%emt 00:04:23]} dxc3 {[%clk 01:29:00]} {[%emt
00:00:19]} 11. Nxc3 {[%clk 01:20:57]} {[%emt 00:03:04]} d4 {[%clk 01:29:09]}
{[%emt 00:00:20]} 12. Nd5 {[%clk 01:17:39]} {[%emt 00:03:42]} Be7 {[%clk
01:28:13]} {[%emt 00:01:31]} 13. Nxe7 {[%clk 01:17:11]} {[%emt 00:00:58]} Qxe7
{[%clk 01:27:58]} {[%emt 00:00:45]} 14. Qa4 {[%clk 01:15:52]} {[%emt 00:01:50]}
Qe6 {[%clk 01:25:55]} {[%emt 00:02:32]} 15. Ng5 {[%emt 00:02:45]} Qc4 {[%clk
01:24:44]} {[%emt 00:00:17]} 16. Qc6 {[%clk 01:12:16]} {[%emt 00:03:16]} Bb5
{[%clk 01:22:31]} {[%emt 00:02:44]} 17. Qxa8+ {[%clk 01:09:58]} {[%emt
00:02:47]} Ke7 {[%clk 01:21:32]} {[%emt 00:01:29]} 18. Qxh8 {[%clk 01:07:57]}
{[%emt 00:02:32]} 1-0

[Event "DEM U12w 2023"]
[Site "Willingen GER"]
[Date "2023.05.31"]
[Round "5"]
[White "Färber, Anna"]
[Black "Leicher, Anna"]
[Result "1/2-1/2"]
[Termination "normal"]
[Board "6"]
[WhiteElo "1252"]
[BlackElo "1306"]
[WhiteClock "00:22:45"]
[BlackClock "00:04:38"]
[PlyCount "51"]
[WhiteFideId "34633480"]
[BlackFideId "34614966"]
[EventCountry "GER"]
[EventRounds "9"]
[EventType "swiss"]
[EventDate "2023.05.27"]

1. e4 {[%clk 01:30:53]} {[%emt 00:00:06]} e5 {[%clk 01:30:55]} {[%emt
00:00:06]} 2. Nf3 {[%clk 01:31:15]} {[%emt 00:00:07]} Nc6 {[%clk 01:31:21]}
{[%emt 00:00:05]} 3. Bc4 {[%clk 01:31:37]} {[%emt 00:00:07]} Bc5 {[%clk
01:31:46]} {[%emt 00:00:06]} 4. O-O {[%clk 01:31:55]} {[%emt 00:00:10]} d6
{[%clk 01:32:12]} {[%emt 00:00:05]} 5. d3 {[%clk 01:31:55]} {[%emt 00:00:30]}
h6 {[%clk 01:29:16]} {[%emt 00:03:27]} 6. c3 {[%clk 01:29:01]} {[%emt
00:03:24]} Nf6 {[%clk 01:26:59]} {[%emt 00:02:46]} 7. Nbd2 {[%clk 01:25:44]}
{[%emt 00:03:47]} O-O {[%clk 01:26:42]} {[%emt 00:00:47]} 8. a4 {[%clk
01:24:57]} {[%emt 00:01:17]} a5 {[%clk 01:25:39]} {[%emt 00:01:33]} 9. Re1
{[%clk 01:23:45]} {[%emt 00:01:42]} Bg4 {[%clk 01:19:22]} {[%emt 00:06:47]} 10.
Nf1 {[%clk 01:21:45]} {[%emt 00:02:29]} Re8 {[%clk 01:02:26]} {[%emt 00:17:27]}
11. Be3 {[%clk 01:19:01]} {[%emt 00:03:15]} Bxe3 {[%clk 01:00:37]} {[%emt
00:02:19]} 12. Nxe3 {[%clk 01:18:45]} {[%emt 00:00:45]} Bh5 {[%clk 01:00:17]}
{[%emt 00:00:48]} 13. Nf5 {[%clk 01:09:37]} {[%emt 00:09:40]} d5 {[%clk
00:58:34]} {[%emt 00:02:09]} 14. exd5 {[%clk 01:07:29]} {[%emt 00:02:43]} Nxd5
{[%clk 00:58:34]} {[%emt 00:00:29]} 15. Ng3 {[%clk 01:03:08]} {[%emt 00:04:51]}
Bg6 {[%clk 00:56:13]} {[%emt 00:02:51]} 16. Qd2 {[%clk 00:57:05]} {[%emt
00:06:33]} Nb6 {[%clk 00:41:00]} {[%emt 00:15:42]} 17. Bb5 {[%clk 00:54:19]}
{[%emt 00:03:18]} Qd5 {[%clk 00:32:18]} {[%emt 00:09:07]} 18. Rad1 {[%clk
00:46:41]} {[%emt 00:08:11]} Qb3 {[%clk 00:21:22]} {[%emt 00:11:24]} 19. Ra1
{[%clk 00:29:28]} {[%emt 00:17:45]} Qd5 {[%clk 00:14:10]} {[%emt 00:07:42]} 20.
Rad1 {[%clk 00:25:55]} {[%emt 00:04:04]} Rad8 {[%clk 00:10:20]} {[%emt
00:04:18]} 21. Qe2 {[%clk 00:23:11]} {[%emt 00:03:16]} Qb3 {[%clk 00:08:27]}
{[%emt 00:02:23]} 22. Ra1 {[%clk 00:22:33]} {[%emt 00:01:08]} Qd5 {[%clk
00:07:12]} {[%emt 00:01:46]} 23. Rad1 {[%clk 00:22:52]} {[%emt 00:00:10]} Qb3
{[%clk 00:05:53]} {[%emt 00:01:49]} 24. Ra1 {[%clk 00:22:45]} {[%emt 00:00:37]}
Qd5 {[%clk 00:05:49]} {[%emt 00:00:34]} 25. Rad1 {[%emt 00:00:56]} Qb3 {[%clk
00:04:38]} {[%emt 00:02:42]} 26. Ra1 {[%emt 00:01:54]} 1/2-1/2